000
00209 a2200097 4500
001
5868
100
_a
Saxelby, FM
245
_a
Course in Practical mathematic
260
_a
_b
Longmans
_c
090
_c
4792
_d
4792
942
_a
NUST-CAE
_c
M
_c
31147
999
_c
240941
_d
240941